| 000 | 01099pam a2200313 a 4500 | ||
|---|---|---|---|
| 001 | 4032266 | ||
| 005 | 20170718080238.0 | ||
| 008 | 170718s1999 nyu b s001 0 eng d | ||
| 010 | _a 98008450 | ||
| 020 | _z0791441318 | ||
| 020 | _z0791441326 | ||
| 020 | _a9780791441329 | ||
| 040 |
_aCO-BoUCM _cSaul Niño _dSaul Niño _bspa |
||
| 041 | 0 | _aeng | |
| 245 | 0 | 4 |
_aThe french connections of Jacques Derrida _cedited by Julian Wolfreys, John Brannigan, Ruth Robbins |
| 260 |
_aAlbany _bState University of New York Press _c1999 |
||
| 300 | _axvii, 232 páginas | ||
| 546 | _aTexto en inglés | ||
| 600 | 1 | 0 |
_aDerrida, Jacques _b1930-2004 _xCrítica e interpretación _967809 |
| 610 | 2 | 0 |
_aOulipo (Association) _986569 |
| 650 | 7 |
_aLiteratura _xFilosofía _918599 |
|
| 650 | 7 |
_aLiteratura francesa _xHistoria y crítica _97794 |
|
| 650 | 7 |
_aDiferencia (Filosofía) _913256 |
|
| 700 | 1 |
_aWolfreys, Julian _d1958- _986570 |
|
| 700 | 1 |
_aBrannigan, John _986571 |
|
| 700 | 1 |
_aRobbins, Ruth _d1965- _986572 |
|
| 942 |
_2DEWEY _a18 _cLIBRO _e1 _h801 _mF873c |
||
| 999 |
_c306872 _d306872 |
||